Albums studio de David Bowie - Statistiques

Statistiques générales
  • Ce quiz a été pris 88 fois
    86 depuis la dernière actualisation
  • Le résultat moyen est 14 sur 26
Statistiques - réponses
Année Album % Correct
1972 The Rise And Fall Of Ziggy Stardust And The Spiders From Mars
95%
2016 Blackstar
89%
1969 Space Oddity
75%
1977 "Heroes"
73%
1971 Hunky Dory
70%
1973 Aladdin Sane
68%
1974 Diamond Dogs
68%
1983 Let's Dance
66%
1977 Low
66%
1967 David Bowie
64%
1975 Young Americans
64%
1976 Station To Station
61%
1970 The Man Who Sold The World
57%
1973 Pin Ups
52%
1980 Scary Monsters (And Super Creeps)
50%
1979 Lodger
45%
2013 The Next Day
45%
2002 Heathen
43%
1997 Earthling
39%
2003 Reality
39%
1993 The Buddha Of Suburbia
36%
1993 Black Tie White Noise
32%
1984 Tonight
30%
1999 'hours...'
27%
1987 Never Let Me Down
27%
1995 1. Outside
23%
Aucun quiz correspondant
Distribution des résultats
% des personnes avec chaque résultat
Percentile par nombre de réponses
Votre historique - résultats
Vous n’avez pas pris ce quiz depuis la dernière actualisation